Description foireuse de personnages d'animés/manga #2 - Statistiques

Statistiques générales
  • Ce quiz a été pris 124 fois
  • Le résultat moyen est 10 sur 18
Statistiques - réponses
Description Réponse % Correct
Poulpe Jaune Koro Sensei
78%
Un gars aux cheveux rose mange des doigts KFC. Il aime les grandes femmes aux grosses fesse Itadori Yuji
73%
Il passe son temps à traîner avec des grenouilles et essayer de mater les filles dans les bains publics Jiraya
73%
Après un date raté, il passe d'étudiant à mangeur de chaire humaine borgne. Il ne se nourrit que de café Kaneki ken
72%
Maître karaté à gros sourcil. Il a foudroyé Madara en pur 1vs1 Gaï Maito
70%
Elle a des seins plus gros que sa prime et manipule la météo avec son bâton Nami
69%
Le fantôme de service sur un terrain de basket Kuroko
66%
Il a la magie de la muscu et adore les choux à la crème Mash Burnedead
66%
Une fourmi joue aux échecs contre une aveugle Meruem
65%
C'est un viking qui passe son temps à chercher vengeance avec une épée plus grosse que sa personnalité. Puis saison 2 la violence c'est mal Thorfinn
60%
Un gros bourrin avec une épée plus grande que lui, qui tranche tout sur son passage en râlant sur son destin. Entre deux bains de sang, il affronte des monstres dégueulasses et son ex-meilleur pote devenu démon. Guts
56%
Une elfe magicienne ultra badass mais avec zéro émotion, qui passe son temps à collectionner des sorts inutiles et à se rappeler que ses potes humains meurent trop vite. Frieren
52%
Magicien pédophile avec le pouvoir du chewing-gum. Hisoka
51%
Elle fait un rôle play Thomas Pesquet et est en crush sur un brocoli Ochaco Uraraka
47%
Il porte un masque FFP-2 pour cacher ses saignements de nez, à noté également le fait qu'il possède la conjonctivité de son ami Obito Kakashi Hatake
44%
Il passe son temps à mourrir et revenir à la vie, pour serrer une meuf Subaru
32%
Explosiiiiiiiiiiiiiiiiiiiiiiion. Une magicienne avec un seul sort Megumi
24%
c'est un type qui monte en puissance aussi vite qu'il se fait sauver, avec des cheveux blancs et tout en poursuivant des filles comme un champion. Bell cranel
6%
Aucun quiz correspondant
Distribution des résultats
% des personnes avec chaque résultat
Percentile par nombre de réponses
Votre historique - résultats
Vous n’avez pas pris ce quiz